Podiums comparés (4) JO Tokyo / JO Paris par discipline - Statistiques

Statistiques générales
  • Ce quiz a été pris 7 fois
  • Le résultat moyen est 306 sur 384
Statistiques - réponses
Discipline Réponse % Correct
Paris Athlétisme - 20 km marche Or Chine F
100%
Paris Athlétisme - lancer du disque Argent Chine F
100%
Paris Athlétisme - lancer du marteau Bronze Chine F
100%
Paris Athlétisme - lancer du poids Bronze Chine F
100%
Paris Badminton - Double Or Chine
100%
Paris Badminton - Double Argent Chine
100%
Paris Badminton - Simple Argent Chine F
100%
Paris Boxe - Moins 50 kg Or Chine F
100%
Paris Boxe - Moins 60 kg Argent Chine F
100%
Paris Boxe - Moins 66 kg Argent Chine F
100%
Paris Boxe - Moins 75 kg Or Chine F
100%
Paris Canoë-Kayak - Sprint - C2 500 m Or Chine F
100%
Paris Cyclisme - BMX - Freestyle Or Chine F
100%
Tokyo Athlétisme - 20 km marche Bronze Chine F
100%
Tokyo Athlétisme - lancer du javelot Or Chine F
100%
Tokyo Athlétisme - lancer du marteau Argent Chine F
100%
Tokyo Athlétisme - lancer du poids Or Chine F
100%
Tokyo Aviron - huit Bronze Chine F
100%
Tokyo Aviron - quatre de couple Or Chine F
100%
Tokyo Badminton - Double Argent Chine F
100%
Tokyo Badminton - Simple Or Chine F
100%
Tokyo Basket 3x3 Bronze Chine F
100%
Tokyo Boxe - Moins 69 kg Argent Chine F
100%
Tokyo Boxe - Moins 75 kg Argent Chine F
100%
Tokyo Canoë-Kayak - Sprint - C2 500 m Or Chine F
100%
Tokyo Cyclisme sur piste - Vitesse par équipes Or Chine F
100%
Tokyo Escrime - Epée - Individuel Or Chine F
100%
Paris Canoë-Kayak - Sprint - C1 200 m Bronze Cuba F
100%
Tokyo Athlétisme - lancer du disque Bronze Cuba F
100%
Paris Athlétisme - 20 km marche Argent Espagne F
100%
Paris Basket 3x3 Argent Espagne F
100%
Tokyo Athlétisme - triple saut Bronze Espagne F
100%
Tokyo Canoë-Kayak - Slalom - K1 Argent Espagne F
100%
Paris Athlétisme - 100 m Argent Etats-Unis F
100%
Paris Athlétisme - 100 m Bronze Etats-Unis F
100%
Paris Athlétisme - 100 m haies Argent Etats-Unis F
100%
Paris Athlétisme - 100 m haies Bronze Etats-Unis F
100%
Paris Athlétisme - 200 m Or Etats-Unis F
100%
Paris Athlétisme - 200 m Bronze Etats-Unis F
100%
Paris Athlétisme - 4 x 100 m Or Etats-Unis F
100%
Paris Athlétisme - 4 x 400 m Or Etats-Unis F
100%
Paris Athlétisme - 400 m Or Etats-Unis F
100%
Paris Athlétisme - 400 m Argent Etats-Unis F
100%
Paris Athlétisme - 400 m haies Or Etats-Unis F
100%
Paris Athlétisme - 400 m haies Argent Etats-Unis F
100%
Paris Athlétisme - lancer du disque Or Etats-Unis F
100%
Paris Athlétisme - lancer du marteau Argent Etats-Unis F
100%
Paris Athlétisme - saut à la perche Argent Etats-Unis F
100%
Paris Athlétisme - saut en longueur Or Etats-Unis F
100%
Paris Athlétisme - saut en longueur Bronze Etats-Unis F
100%
Paris Athlétisme - triple saut Bronze Etats-Unis F
100%
Paris Basket 3x3 Bronze Etats-Unis F
100%
Paris Basket-ball Or Etats-Unis F
100%
Paris Canoë-Kayak - Slalom - C1 Bronze Etats-Unis F
100%
Paris Canoë-Kayak - Sprint - C1 200 m Argent Etats-Unis F
100%
Paris Cyclisme - BMX - Freestyle Argent Etats-Unis F
100%
Paris Cyclisme - VTT - Cross-country Argent Etats-Unis F
100%
Paris Cyclisme sur piste - Omnium Or Etats-Unis F
100%
Paris Cyclisme sur piste - Poursuite par équipes Or Etats-Unis F
100%
Paris Cyclisme sur route - Contre-la-montre Bronze Etats-Unis F
100%
Paris Cyclisme sur route - Course en ligne Or Etats-Unis F
100%
Paris Escalade - Combiné Argent Etats-Unis F
100%
Paris Escrime - Fleuret - Individuel Or Etats-Unis F
100%
Paris Escrime - Fleuret - Individuel Argent Etats-Unis F
100%
Paris Escrime - Fleuret - Par équipes Or Etats-Unis F
100%
Tokyo Athlétisme - 100 m haies Argent Etats-Unis F
100%
Tokyo Athlétisme - 200 m Bronze Etats-Unis F
100%
Tokyo Athlétisme - 3000 m steeple Argent Etats-Unis F
100%
Tokyo Athlétisme - 4 x 100 m Argent Etats-Unis F
100%
Tokyo Athlétisme - 4 x 400 m Or Etats-Unis F
100%
Tokyo Athlétisme - 400 m Bronze Etats-Unis F
100%
Tokyo Athlétisme - 400 m haies Or Etats-Unis F
100%
Tokyo Athlétisme - 400 m haies Argent Etats-Unis F
100%
Tokyo Athlétisme - 800 m Or Etats-Unis F
100%
Tokyo Athlétisme - 800 m Bronze Etats-Unis F
100%
Tokyo Athlétisme - lancer du disque Or Etats-Unis F
100%
Tokyo Athlétisme - lancer du poids Argent Etats-Unis F
100%
Tokyo Athlétisme - Marathon Bronze Etats-Unis F
100%
Tokyo Athlétisme - saut à la perche Or Etats-Unis F
100%
Tokyo Athlétisme - saut en longueur Argent Etats-Unis F
100%
Tokyo Basket 3x3 Or Etats-Unis F
100%
Tokyo Basket-ball Or Etats-Unis F
100%
Tokyo Beach-volley Or Etats-Unis F
100%
Tokyo Canoë-Kayak - Sprint - C1 200 m Or Etats-Unis F
100%
Tokyo Cyclisme - BMX - Freestyle Argent Etats-Unis F
100%
Tokyo Cyclisme sur piste - Omnium Or Etats-Unis F
100%
Tokyo Escrime - Fleuret - Individuel Or Etats-Unis F
100%
Tokyo Boxe - Moins 69 kg Bronze Etats-Unis | Inde F
100%
Paris Basket-ball Argent France F
100%
Paris Canoë-Kayak - Slalom - K1 Argent France F
100%
Paris Cyclisme - VTT - Cross-country Or France F
100%
Paris Escrime - Epée - Individuel Argent France F
100%
Paris Escrime - Epée - Par équipes Argent France F
100%
Paris Escrime - Sabre - Individuel Or France F
100%
Paris Escrime - Sabre - Individuel Argent France F
100%
Tokyo Aviron - deux de couple poids léger Argent France F
100%
Tokyo Basket-ball Bronze France F
100%
Tokyo Escrime - Fleuret - Par équipes Argent France F
100%
Tokyo Escrime - Sabre - Individuel Bronze France F
100%
Tokyo Escrime - Sabre - Par équipes Argent France F
100%
Paris Boxe - Moins 60 kg Or Irlande F
100%
Tokyo Aviron - quatre sans barreuse Bronze Irlande F
100%
Tokyo Boxe - Moins 60 kg Or Irlande F
100%
Tokyo Boxe - Moins 57 kg Bronze Italie | Royaume-Uni F
100%
Paris Athlétisme - 10000 m Or Kenya F
100%
Paris Athlétisme - 1500 m Or Kenya F
100%
Paris Athlétisme - 3000 m steeple Bronze Kenya F
100%
Paris Athlétisme - 5000 m Or Kenya F
100%
Paris Athlétisme - 5000 m Argent Kenya F
100%
Paris Athlétisme - 800 m Bronze Kenya F
100%
Paris Athlétisme - Marathon Bronze Kenya F
100%
Tokyo Athlétisme - 1500 m Or Kenya F
100%
Tokyo Athlétisme - 3000 m steeple Bronze Kenya F
100%
Tokyo Athlétisme - 5000 m Argent Kenya F
100%
Tokyo Athlétisme - Marathon Or Kenya F
100%
Tokyo Athlétisme - Marathon Argent Kenya F
100%
Paris Athlétisme - 10000 m Bronze Pays-Bas F
100%
Paris Athlétisme - 4 x 400 m Argent Pays-Bas F
100%
Paris Athlétisme - 400 m Bronze Pays-Bas F
100%
Paris Athlétisme - 400 m haies Bronze Pays-Bas F
100%
Paris Athlétisme - 5000 m Bronze Pays-Bas F
100%
Paris Athlétisme - Marathon Or Pays-Bas F
100%
Paris Aviron - deux sans barreuse Or Pays-Bas F
100%
Paris Aviron - quatre de couple Argent Pays-Bas F
100%
Paris Aviron - quatre sans barreuse Or Pays-Bas F
100%
Paris Aviron - skiff Or Pays-Bas F
100%
Paris Cyclisme - BMX - Racing Argent Pays-Bas F
100%
Paris Cyclisme sur piste - Course à l'américaine Bronze Pays-Bas F
100%
Paris Cyclisme sur piste - Keirin Argent Pays-Bas F
100%
Paris Cyclisme sur route - Course en ligne Argent Pays-Bas F
100%
Tokyo Athlétisme - 10000 m Or Pays-Bas F
100%
Tokyo Athlétisme - 1500 m Bronze Pays-Bas F
100%
Tokyo Athlétisme - 400 m haies Bronze Pays-Bas F
100%
Tokyo Athlétisme - 5000 m Or Pays-Bas F
100%
Tokyo Athlétisme - heptathlon Argent Pays-Bas F
100%
Tokyo Athlétisme - heptathlon Bronze Pays-Bas F
100%
Tokyo Aviron - deux de couple poids léger Bronze Pays-Bas F
100%
Tokyo Aviron - quatre sans barreuse Argent Pays-Bas F
100%
Tokyo Cyclisme - BMX - Racing Bronze Pays-Bas F
100%
Tokyo Cyclisme sur piste - Keirin Or Pays-Bas F
100%
Tokyo Cyclisme sur piste - Omnium Bronze Pays-Bas F
100%
Tokyo Cyclisme sur piste - Poursuite par équipes Bronze Pays-Bas F
100%
Tokyo Cyclisme sur route - Contre-la-montre Or Pays-Bas F
100%
Tokyo Cyclisme sur route - Contre-la-montre Bronze Pays-Bas F
100%
Tokyo Cyclisme sur route - Course en ligne Argent Pays-Bas F
100%
Paris Athlétisme - 1500 m Bronze Royaume-Uni F
100%
Paris Athlétisme - 4 x 100 m Argent Royaume-Uni F
100%
Paris Athlétisme - 4 x 400 m Bronze Royaume-Uni F
100%
Paris Athlétisme - 800 m Or Royaume-Uni F
100%
Paris Athlétisme - heptathlon Argent Royaume-Uni F
100%
Paris Aviron - deux de couple poids léger Or Royaume-Uni F
100%
Paris Aviron - huit Bronze Royaume-Uni F
100%
Paris Aviron - quatre de couple Or Royaume-Uni F
100%
Paris Aviron - quatre sans barreuse Argent Royaume-Uni F
100%
Paris Canoë-Kayak - Slalom - K1 Bronze Royaume-Uni F
100%
Paris Cyclisme sur piste - Course à l'américaine Argent Royaume-Uni F
100%
Paris Cyclisme sur piste - Keirin Bronze Royaume-Uni F
100%
Paris Cyclisme sur piste - Poursuite par équipes Bronze Royaume-Uni F
100%
Paris Cyclisme sur piste - Vitesse individuelle Bronze Royaume-Uni F
100%
Paris Cyclisme sur piste - Vitesse par équipes Or Royaume-Uni F
100%
Paris Cyclisme sur route - Contre-la-montre Argent Royaume-Uni F
100%
Tokyo Athlétisme - 1500 m Argent Royaume-Uni F
100%
Tokyo Athlétisme - 4 x 100 m Bronze Royaume-Uni F
100%
Tokyo Athlétisme - 800 m Argent Royaume-Uni F
100%
Tokyo Athlétisme - saut à la perche Bronze Royaume-Uni F
100%
Tokyo Canoë-Kayak - Slalom - C1 Argent Royaume-Uni F
100%
Tokyo Cyclisme - BMX - Freestyle Or Royaume-Uni F
100%
Tokyo Cyclisme - BMX - Racing Or Royaume-Uni F
100%
Tokyo Cyclisme sur piste - Course à l'américaine Or Royaume-Uni F
100%
Tokyo Cyclisme sur piste - Poursuite par équipes Argent Royaume-Uni F
100%
Tokyo Boxe - Moins 75 kg Bronze Russie | Pays-Bas F
100%
Paris Cyclisme - VTT - Cross-country Bronze Suède F
100%
Paris Boxe - Moins 66 kg Or Algérie F
80%
Paris Athlétisme - 4 x 100 m Bronze Allemagne F
80%
Paris Athlétisme - lancer du poids Or Allemagne F
80%
Paris Athlétisme - saut en longueur Argent Allemagne F
80%
Paris Aviron - quatre de couple Bronze Allemagne F
80%
Paris Basket 3x3 Or Allemagne F
80%
Paris Canoë-Kayak - Slalom - C1 Argent Allemagne F
80%
Paris Canoë-Kayak - Sprint - K4 500 m Argent Allemagne F
80%
Paris Cyclisme sur piste - Vitesse individuelle Argent Allemagne F
80%
Paris Cyclisme sur piste - Vitesse par équipes Bronze Allemagne F
80%
Tokyo Athlétisme - lancer du disque Argent Allemagne F
80%
Tokyo Athlétisme - saut en longueur Or Allemagne F
80%
Tokyo Canoë-Kayak - Slalom - C1 Bronze Allemagne F
80%
Tokyo Canoë-Kayak - Slalom - K1 Or Allemagne F
80%
Tokyo Cyclisme sur piste - Poursuite par équipes Or Allemagne F
80%
Tokyo Cyclisme sur piste - Vitesse par équipes Argent Allemagne F
80%
Paris Athlétisme - 1500 m Argent Australie F
80%
Paris Athlétisme - 20 km marche Bronze Australie F
80%
Paris Athlétisme - lancer du poids Argent Australie F
80%
Paris Athlétisme - saut à la perche Or Australie F
80%
Paris Athlétisme - saut en hauteur Argent Australie F
80%
Paris Aviron - deux sans barreuse Bronze Australie F
80%
Paris Basket-ball Bronze Australie F
80%
Paris Canoë-Kayak - Slalom - C1 Or Australie F
80%
Paris Canoë-Kayak - Slalom - K1 Or Australie F
80%
Paris Cyclisme - BMX - Freestyle Bronze Australie F
80%
Paris Cyclisme - BMX - Racing Or Australie F
80%
Paris Cyclisme sur route - Contre-la-montre Or Australie F
80%
Tokyo Athlétisme - lancer du javelot Bronze Australie F
80%
Tokyo Athlétisme - saut en hauteur Argent Australie F
80%
Tokyo Aviron - quatre de couple Bronze Australie F
80%
Tokyo Aviron - quatre sans barreuse Or Australie F
80%
Tokyo Beach-volley Argent Australie F
80%
Tokyo Canoë-Kayak - Slalom - C1 Or Australie F
80%
Tokyo Canoë-Kayak - Slalom - K1 Bronze Australie F
80%
Paris Boxe - Moins 75 kg Bronze Australie | Neutres F
80%
Paris Athlétisme - heptathlon Or Belgique F
80%
Paris Athlétisme - heptathlon Bronze Belgique F
80%
Paris Cyclisme sur route - Course en ligne Bronze Belgique F
80%
Tokyo Athlétisme - heptathlon Or Belgique F
80%
Paris Beach-volley Or Brésil F
80%
Tokyo Boxe - Moins 60 kg Argent Brésil F
80%
Paris Badminton - Simple Or Corée-du-Sud F
80%
Paris Escrime - Sabre - Par équipes Argent Corée-du-Sud F
80%
Tokyo Badminton - Double Bronze Corée-du-Sud F
80%
Tokyo Escrime - Epée - Par équipes Argent Corée-du-Sud F
80%
Tokyo Escrime - Sabre - Par équipes Bronze Corée-du-Sud F
80%
Paris Canoë-Kayak - Sprint - K1 500 m Bronze Danemark F
80%
Tokyo Canoë-Kayak - Sprint - K1 500 m Bronze Danemark F
80%
Tokyo Cyclisme sur piste - Course à l'américaine Argent Danemark F
80%
Paris Athlétisme - 800 m Argent Ethiopie F
80%
Paris Athlétisme - Marathon Argent Ethiopie F
80%
Tokyo Athlétisme - 10000 m Bronze Ethiopie F
80%
Tokyo Athlétisme - 5000 m Bronze Ethiopie F
80%
Paris Canoë-Kayak - Sprint - K2 500 m Bronze Hongrie | Allemagne F
80%
Paris Athlétisme - 10000 m Argent Italie F
80%
Paris Cyclisme sur piste - Course à l'américaine Or Italie F
80%
Paris Escrime - Epée - Par équipes Or Italie F
80%
Paris Escrime - Fleuret - Par équipes Argent Italie F
80%
Tokyo Athlétisme - 20 km marche Or Italie F
80%
Tokyo Aviron - deux de couple poids léger Or Italie F
80%
Tokyo Cyclisme sur route - Course en ligne Bronze Italie F
80%
Tokyo Escrime - Epée - Par équipes Bronze Italie F
80%
Tokyo Escrime - Fleuret - Par équipes Bronze Italie F
80%
Paris Athlétisme - triple saut Argent Jamaïque F
80%
Tokyo Athlétisme - 100 m Or Jamaïque F
80%
Tokyo Athlétisme - 100 m Argent Jamaïque F
80%
Tokyo Athlétisme - 100 m Bronze Jamaïque F
80%
Tokyo Athlétisme - 100 m haies Bronze Jamaïque F
80%
Tokyo Athlétisme - 200 m Or Jamaïque F
80%
Tokyo Athlétisme - 4 x 100 m Or Jamaïque F
80%
Tokyo Athlétisme - 4 x 400 m Bronze Jamaïque F
80%
Paris Athlétisme - lancer du javelot Or Japon F
80%
Paris Badminton - Double Bronze Japon
80%
Paris Escrime - Fleuret - Par équipes Bronze Japon F
80%
Paris Escrime - Sabre - Par équipes Bronze Japon F
80%
Tokyo Basket-ball Argent Japon F
80%
Tokyo Boxe - Moins 57 kg Or Japon F
80%
Tokyo Cyclisme sur piste - Omnium Argent Japon F
80%
Tokyo Escalade - Combiné Argent Japon F
80%
Tokyo Escalade - Combiné Bronze Japon F
80%
Tokyo Boxe - Moins 51 kg Bronze Japon | Russie F
80%
Paris Boxe - Moins 57 kg Bronze Philippines | Turquie F
80%
Tokyo Athlétisme - saut à la perche Argent Russie F
80%
Tokyo Athlétisme - saut en hauteur Or Russie F
80%
Tokyo Aviron - deux sans barreuse Argent Russie F
80%
Tokyo Aviron - skiff Argent Russie F
80%
Tokyo Basket 3x3 Argent Russie F
80%
Tokyo Cyclisme sur piste - Course à l'américaine Bronze Russie F
80%
Tokyo Cyclisme sur piste - Vitesse par équipes Bronze Russie F
80%
Tokyo Escrime - Fleuret - Individuel Argent Russie F
80%
Tokyo Escrime - Fleuret - Individuel Bronze Russie F
80%
Tokyo Escrime - Fleuret - Par équipes Or Russie F
80%
Tokyo Escrime - Sabre - Individuel Or Russie F
80%
Tokyo Escrime - Sabre - Individuel Argent Russie F
80%
Tokyo Escrime - Sabre - Par équipes Or Russie F
80%
Paris Escalade - Combiné Or Slovénie F
80%
Tokyo Escalade - Combiné Or Slovénie F
80%
Paris Beach-volley Bronze Suisse F
80%
Paris Cyclisme - BMX - Racing Bronze Suisse F
80%
Tokyo Beach-volley Bronze Suisse F
80%
Tokyo Cyclisme - BMX - Freestyle Bronze Suisse F
80%
Tokyo Cyclisme - VTT - Cross-country Or Suisse F
80%
Tokyo Cyclisme - VTT - Cross-country Argent Suisse F
80%
Tokyo Cyclisme - VTT - Cross-country Bronze Suisse F
80%
Tokyo Cyclisme sur route - Contre-la-montre Argent Suisse F
80%
Paris Boxe - Moins 60 kg Bronze Taïwan | Brésil F
80%
Tokyo Boxe - Moins 60 kg Bronze Thaïlande | Finlande F
80%
Paris Athlétisme - saut en hauteur Or Ukraine F
80%
Paris Athlétisme - saut en hauteur Bronze Ukraine F
80%
Paris Canoë-Kayak - Sprint - C2 500 m Argent Ukraine F
80%
Paris Escrime - Sabre - Individuel Bronze Ukraine F
80%
Paris Escrime - Sabre - Par équipes Or Ukraine F
80%
Tokyo Athlétisme - saut en hauteur Bronze Ukraine F
80%
Tokyo Canoë-Kayak - Sprint - C1 200 m Bronze Ukraine F
80%
Tokyo Canoë-Kayak - Sprint - C2 500 m Argent Ukraine F
80%
Tokyo Cyclisme sur piste - Vitesse individuelle Argent Ukraine F
80%
Paris Athlétisme - lancer du javelot Argent Afrique-du-Sud F
60%
Paris Aviron - deux de couple poids léger Bronze Grèce F
60%
Tokyo Badminton - Simple Bronze Inde F
60%
Paris Boxe - Moins 50 kg Bronze Kazakhstan | Philippines F
60%
Paris Aviron - quatre sans barreuse Bronze Nouvelle-Zélande F
60%
Paris Aviron - skiff Argent Nouvelle-Zélande F
60%
Paris Canoë-Kayak - Sprint - K1 500 m Or Nouvelle-Zélande F
60%
Paris Canoë-Kayak - Sprint - K2 500 m Or Nouvelle-Zélande F
60%
Paris Canoë-Kayak - Sprint - K4 500 m Or Nouvelle-Zélande F
60%
Paris Cyclisme sur piste - Keirin Or Nouvelle-Zélande F
60%
Paris Cyclisme sur piste - Omnium Bronze Nouvelle-Zélande F
60%
Paris Cyclisme sur piste - Poursuite par équipes Argent Nouvelle-Zélande F
60%
Paris Cyclisme sur piste - Vitesse individuelle Or Nouvelle-Zélande F
60%
Paris Cyclisme sur piste - Vitesse par équipes Argent Nouvelle-Zélande F
60%
Tokyo Athlétisme - lancer du poids Bronze Nouvelle-Zélande F
60%
Tokyo Aviron - deux sans barreuse Or Nouvelle-Zélande F
60%
Tokyo Aviron - huit Argent Nouvelle-Zélande F
60%
Tokyo Aviron - skiff Or Nouvelle-Zélande F
60%
Tokyo Canoë-Kayak - Sprint - K1 500 m Or Nouvelle-Zélande F
60%
Tokyo Canoë-Kayak - Sprint - K2 500 m Or Nouvelle-Zélande F
60%
Tokyo Cyclisme sur piste - Keirin Argent Nouvelle-Zélande F
60%
Paris Boxe - Moins 57 kg Argent Pologne F
60%
Paris Cyclisme sur piste - Omnium Argent Pologne F
60%
Paris Escrime - Epée - Par équipes Bronze Pologne F
60%
Tokyo Athlétisme - 4 x 400 m Argent Pologne F
60%
Tokyo Athlétisme - lancer du javelot Argent Pologne F
60%
Tokyo Athlétisme - lancer du marteau Or Pologne F
60%
Tokyo Athlétisme - lancer du marteau Bronze Pologne F
60%
Tokyo Aviron - quatre de couple Argent Pologne F
60%
Tokyo Canoë-Kayak - Sprint - K2 500 m Argent Pologne F
60%
Tokyo Canoë-Kayak - Sprint - K4 500 m Bronze Pologne F
60%
Tokyo Athlétisme - triple saut Argent Portugal F
60%
Paris Athlétisme - 100 m Or Sainte-Lucie F
60%
Paris Athlétisme - 100 m haies Or Sainte-Lucie F
60%
Paris Athlétisme - 200 m Argent Sainte-Lucie F
60%
Paris Boxe - Moins 50 kg Argent Turquie F
60%
Tokyo Boxe - Moins 51 kg Argent Turquie F
60%
Tokyo Boxe - Moins 69 kg Or Turquie F
60%
Paris Escalade - Combiné Bronze Autriche F
40%
Tokyo Aviron - skiff Bronze Autriche F
40%
Tokyo Cyclisme sur route - Course en ligne Or Autriche F
40%
Paris Athlétisme - lancer du marteau Or Canada F
40%
Paris Athlétisme - saut à la perche Bronze Canada F
40%
Paris Aviron - huit Argent Canada F
40%
Paris Beach-volley Argent Canada F
40%
Paris Canoë-Kayak - Sprint - C1 200 m Or Canada F
40%
Paris Canoë-Kayak - Sprint - C2 500 m Bronze Canada F
40%
Paris Escrime - Fleuret - Individuel Bronze Canada F
40%
Tokyo Aviron - deux sans barreuse Bronze Canada F
40%
Tokyo Aviron - huit Or Canada F
40%
Tokyo Canoë-Kayak - Sprint - C1 200 m Argent Canada F
40%
Tokyo Canoë-Kayak - Sprint - C2 500 m Bronze Canada F
40%
Tokyo Cyclisme sur piste - Keirin Bronze Canada F
40%
Tokyo Cyclisme sur piste - Vitesse individuelle Or Canada F
40%
Tokyo Athlétisme - 20 km marche Argent Colombie F
40%
Tokyo Cyclisme - BMX - Racing Argent Colombie F
40%
Paris Athlétisme - triple saut Or Dominique F
40%
Paris Canoë-Kayak - Sprint - K1 500 m Argent Hongrie F
40%
Paris Canoë-Kayak - Sprint - K2 500 m Argent Hongrie F
40%
Paris Canoë-Kayak - Sprint - K4 500 m Bronze Hongrie F
40%
Paris Escrime - Epée - Individuel Bronze Hongrie F
40%
Tokyo Canoë-Kayak - Sprint - K2 500 m Bronze Hongrie F
40%
Tokyo Canoë-Kayak - Sprint - K4 500 m Or Hongrie F
40%
Tokyo Boxe - Moins 57 kg Argent Philippines F
40%
Tokyo Athlétisme - 400 m Argent République dominicaine F
40%
Paris Aviron - deux de couple poids léger Argent Roumanie F
40%
Paris Aviron - deux sans barreuse Argent Roumanie F
40%
Paris Aviron - huit Or Roumanie F
40%
Tokyo Escrime - Epée - Individuel Argent Roumanie F
40%
Tokyo Boxe - Moins 75 kg Or Royaume-Un F
40%
Paris Athlétisme - lancer du javelot Bronze Tchéquie F
40%
Paris Boxe - Moins 66 kg Bronze Thaïlande | Taïwan F
40%
Tokyo Athlétisme - 400 m Or Bahamas F
20%
Tokyo Canoë-Kayak - Sprint - K4 500 m Argent Biélorussie F
20%
Tokyo Boxe - Moins 51 kg Or Bulgarie F
20%
Paris Athlétisme - lancer du disque Bronze Croatie F
20%
Tokyo Escrime - Epée - Individuel Bronze Estonie F
20%
Tokyo Escrime - Epée - Par équipes Or Estonie F
20%
Paris Escrime - Epée - Individuel Or Hong-Kong F
20%
Tokyo Cyclisme sur piste - Vitesse individuelle Bronze Hong-Kong F
20%
Paris Badminton - Simple Bronze Indonésie F
20%
Tokyo Badminton - Double Or Indonésie F
20%
Paris Aviron - skiff Bronze Lituanie F
20%
Tokyo Athlétisme - saut en longueur Bronze Nigeria F
20%
Paris Athlétisme - 3000 m steeple Argent Ouganda F
20%
Tokyo Athlétisme - 3000 m steeple Or Ouganda F
20%
Paris Boxe - Moins 75 kg Argent Panama F
20%
Tokyo Athlétisme - 100 m haies Or Porto Rico F
20%
Paris Boxe - Moins 57 kg Or Taïwan F
20%
Tokyo Badminton - Simple Argent Taïwan F
20%
Tokyo Athlétisme - triple saut Or Venezuela F
20%
Paris Athlétisme - 3000 m steeple Or Bahreïn F
0%
Tokyo Athlétisme - 10000 m Argent Bahreïn F
0%
Tokyo Canoë-Kayak - Sprint - K1 500 m Argent Bulgare F
0%
Tokyo Athlétisme - 200 m Argent Namibie F
0%
Aucun quiz correspondant
Distribution des résultats
% des personnes avec chaque résultat
Percentile par nombre de réponses
Votre historique - résultats
Vous n’avez pas pris ce quiz